Existen al menos 2 ... - ¡Muerte súbita! - Estadísticas

Estadísticas generales
  • Esta prueba ha sido intentada 1.274 veces
    695 desde el último reinicio
  • La puntuación promedio es 4 de 21
Answers on the Grid
Answers color-coded by a green-red scale on the quiz's grid according to % correct below.
...protones en un átomo de helio
...países limítrofes con Chile
...bases nitrogenadas
...números primos entre 1 y 10
...países que empiezan por la letra Z
...aurículas en el corazón
...gigantes gaseosos del sistema solar
...miembros permanentes del Consejo de Seguridad de las Naciones Unidas
...metros en 7 pies
...estrellas en la bandera de Nueva Zelanda
...océanos en la Tierra
...miembros vivos de The Beatles
...equipos que han ganado la Liga Conferencia de la UEFA
...países con más islas que Canadá
...meses que empiezan por la letra A
...selecciones que han ganado al menos 4 Copas Mundiales de Fútbol
...evangelios en la Biblia
...futbolistas que han ganado al menos 5 Balones de Oro
...diagonales en un cuadrado
...colores primarios
...países que han albergado los Juegos Olímpicos de Verano en al menos 3 ediciones
...animales que matan más humanos que mosquitos cada año
...islas más pobladas que Java
...hígados en el cuerpo humano
...entrenadores ingleses que han ganado la Premier League
...países más al sur que Chile
...semanas en 1 millón de segundos
...países fronterizos con Haití
...montañas en Dinamarca
...días de la semana que empiezan por la letra D
...cromosomas Y en una célula humana de un individuo masculino
...países de la OTAN en Asia
...futbolistas africanos que han ganado el Balón de Oro
...kg en 4 libras
...pilotos de Fórmula 1 con al menos 100 victorias
...equipos franceses que han ganado la Liga de Campeones de la UEFA
...lagos más grandes que la superficie del Reino Unido
...elementos con puntos de fusión superiores a 4 000 °C
...águilas en la bandera de Albania
...capitales en Perú
...rascacielos de más de 1 000 metros de altura
...estrellas en nuestro sistema solar
 
Estadísticas de respuestas
Respuesta % Correcto
...océanos en la Tierra
36%
...colores primarios
35%
...países que empiezan por la letra Z
33%
...números primos entre 1 y 10
31%
...estrellas en la bandera de Nueva Zelanda
28%
...países limítrofes con Chile
28%
...diagonales en un cuadrado
27%
...meses que empiezan por la letra A
27%
...evangelios en la Biblia
26%
...aurículas en el corazón
22%
...futbolistas que han ganado al menos 5 Balones de Oro
21%
...miembros vivos de The Beatles
20%
...selecciones que han ganado al menos 4 Copas Mundiales de Fútbol
16%
...equipos que han ganado la Liga Conferencia de la UEFA
14%
...países con más islas que Canadá
13%
...protones en un átomo de helio
13%
...gigantes gaseosos del sistema solar
11%
...metros en 7 pies
11%
...miembros permanentes del Consejo de Seguridad de las Naciones Unidas
10%
...bases nitrogenadas
7%
...países que han albergado los Juegos Olímpicos de Verano en al menos 3 ediciones
6%
No se encontraron pruebas coincidentes
Distribución de puntuación
Porcentaje de gente con cada puntuación
Porcentaje por número respondido
Historial de tus puntuaciones
No has intentado esta prueba desde el último reinicio